| 000 | 00817nam a2200229 a 4500 | ||
|---|---|---|---|
| 001 | 48728 | ||
| 003 | BD-RjUL | ||
| 005 | 20211209054556.0 | ||
| 008 | 160816s1983 BG |||| |||| 00| 0 ben d | ||
| 020 | _c:TK. 15.00 | ||
| 035 | _a(BD-RjUL)48847 | ||
| 040 |
_aBD-RjUL _bben _cBD-RjUL |
||
| 041 | _aben | ||
| 082 |
_223 _a891.441 _bSOA 1983 |
||
| 100 | 1 |
_aসোমা, হোমায়েরা নাজনীন _9147021 |
|
| 245 | 1 | 0 |
_aঅরণ্যের ভিতরে পা / _cহোমায়েরা নাজনীন সোমা |
| 260 |
_aরাজশাহী : _bশুভ্রা প্রকাশনী, _c১৯৮৩ |
||
| 300 |
_a৭০ পৃ ; _c২১ সেমি. |
||
| 650 |
_aবাংলা কবিতা _9146440 |
||
| 650 |
_aBengali Poetry _9146441 |
||
| 942 |
_2ddc _cBK |
||
| 999 |
_c48728 _d48728 |
||